• 首页
  • 本馆介绍
  • 公告通知
  • 最新文献
  • 馆藏检索
  • 电子资源
  • 读者导购
  • 参考咨询
  • 我的图书馆
  • 登录
  • 详细信息显示
  • 放入我的书架
  • 预约/预借图书
  • 作者相关作品
  • 分类相关作品
  • 丛书相关作品
  • 出版社相关作品

书目信息

  • 表格格式
  • 工作单格式
  • 卡片格式
题名:
药物检验工培训教程
    
 
作者: 赵斌 主编
分册:  
出版信息: 北京   化学工业出版社  2016.9
页数: 251页
开本: 26cm
丛书名:
单 册:
中图分类: R927.1
科图分类:
主题词: 药物--检验--高等职业教育--教材
电子资源:
ISBN: 978-7-122-14675-5
000 00998nam0 2200241 450
001 0400003918
005 20171022195043.0
010    @a978-7-122-14675-5@dCNY32.00
100    @a20171022d2016 em y0chiy ea
101 0  @achi
102    @aCN@b110000
105    @ay z 000yy
106    @ar
200 1  @a药物检验工培训教程@9yao wu jian yan gong pei xun jiao cheng@f赵斌主编
210    @a北京@c化学工业出版社@d2016.9
215    @a251页@d26cm
300    @a高职高专“十二五”规划教材
330    @a本书介绍了药物检验工要求掌握的最新实用知识和技术。全书包括药物检测基本知识、药物检验仪器分析技术、药物鉴别技术、药物杂质检查技术、药物的生物学检查技术、药物制剂检查技术、药物含量测定技术、药物检测方法验证与稳定性试验、典型药物综合质量分析、检验原始记录及检验报告撰写等十个单元。附录还提供了考核模拟试卷及考核大纲等内容。
606 0  @a药物@x检验@x高等职业教育@j教材
690    @aR927.1@v5
701  0 @a赵斌@9zhao bin@4主编
801  0 @aCN@b91MARC@c20171022
905    @b1036551-5@dR927.1@f5@e129
    
    药物检验工培训教程/赵斌主编.-北京:化学工业出版社,2016.9
    251页;26cm
    高职高专“十二五”规划教材
    
    ISBN 978-7-122-14675-5:CNY32.00
    本书介绍了药物检验工要求掌握的最新实用知识和技术。全书包括药物检测基本知识、药物检验仪器分析技术、药物鉴别技术、药物杂质检查技术、药物的生物学检查技术、药物制剂检查技术、药物含量测定技术、药物检测方法验证与稳定性试验、典型药物综合质量分析、检验原始记录及检验报告撰写等十个单元。附录还提供了考核模拟试卷及考核大纲等内容。
●
相关链接 在E读中查询图书 在五车中查询图书 在当当中查询图书 在豆瓣中查询图书


正题名:药物检验工培训教程     索取号:R927.1/129         预约/预借

序号 登录号 条形码 馆藏地/架位号 状态 备注
1 1036551   210365512   第二样本阅览室/ [索取号:R927.1/129] 在馆    
2 1036552   210365521   密集书库-生命科学系/ [索取号:R927.1/129] 在馆    
3 1036553   210365530   第三借阅区/ [索取号:R927.1/129] 在馆    
4 1036554   210365549   第三借阅区/ [索取号:R927.1/129] 在馆    
5 1036555   210365558   第三借阅区/ [索取号:R927.1/129] 在馆    
唐山师范学院图书馆 欢迎您!
大连网信软件有限公司© 版权所有